000 00516nam a2200157 4500
001 121761
003 ES-MaACL
005 20260105063012.0
007 t|
008 070214s1911 sp r ||||1| spa d
100 1 _aPortillo y Portillo, Bruno,
_d1855-1935
_993273
245 1 0 _aRumorosas
_b: poesías publicadas por `El Campesino Andaluz` /
_cBruno Portillo y Portillo.
260 _aHuéscar :
_b[s.n.],
_c1911 (
_fImp. de Rodríguez García)
852 _aES-MaACL
_jT-1251-F-6
999 _c121761
_d121761